Normal view
MARC view
- الشافعي، بدر الدين محمد بن ابي بكر بن سليمان البكري ، تحقيق: عادل احمد عبد الموجود، علي محمد معوض ، تقديم: محمد انيس عبادة
Entry Personal Name
001 - CONTROL NUMBER
- control field: 28938
003 - CONTROL NUMBER IDENTIFIER
- control field: JO-AjAnu
005 - DATE AND TIME OF LATEST TRANSACTION
- control field: 20230606074910.0
008 - FIXED-LENGTH DATA ELEMENTS
- fixed length control field: 230606|| aca||aabn | a|a d
040 ## - CATALOGING SOURCE
- Original cataloging agency: JO-AjAnu
- Transcribing agency: JO-AjAnu
100 ## - HEADING--PERSONAL NAME
- Personal name: الشافعي، بدر الدين محمد بن ابي بكر بن سليمان البكري ، تحقيق: عادل احمد عبد الموجود، علي محمد معوض ، تقديم: محمد انيس عبادة
670 ## - SOURCE DATA FOUND
- Source citation: Work cat.: (JO-AjAnu)14855: الشافعي، بدر الدين محمد بن ابي بكر بن سليمان البكري ، تحقيق: عادل احمد عبد الموجود، علي محمد معوض ، تقديم: محمد انيس عبادة, author, الإعتناء في الفرق والاستثناء: كتاب يبحث في قواعد الفقه وفروعه، ج2